La valquiria /

En su exilio de Zurich en 1849, Wagner comenzó el libreto de su vasta y ambiciosa obra basada en el cantar "Cantar de los nibelungos", que se estrenaría finalmente en Bayreuth en 1876. Después del prólogo que constituye "El oro del Rin", con "La Walkyria" entramos de lleno en el terreno de las emoci...

Descripción completa

Detalles Bibliográficos
Autor principal: Bellini, Vincenzo 1801-1835
Otros Autores: Romani, Felice 1788-1865
Formato: Musica
Lenguaje:español
Publicado: Madrid, España PRISA INNOVA S.L 2007
Colección:Los clásicos de la ópera 2
Materias:

MARC

LEADER 00000cjm a2200000 a 4500
001 027525
003 UAHC_CL
005 20170803122821.0
008 121008s2007 cl 000 1 spa
040 |a UAHC_CL  |c UAHC_CL  |d UAHC_CL 
100 1 |a Bellini, Vincenzo  |d 1801-1835 
245 1 3 |a La valquiria /  |c Richard Wagner. 
260 |b PRISA INNOVA S.L  |a Madrid, España  |c 2007 
300 |a 3 cd room. 
490 0 |a Los clásicos de la ópera  |v 2 
505 0 |a Incluye historia de ópera. 
511 0 |a Intérpretes: Hernán Jara ; Luis Orlandini ; Jorge Hevia ; Ensemble Bartok ; Frida Conn ; Orquesta Sinfónica de la Radio Nacional de España. 
520 |a En su exilio de Zurich en 1849, Wagner comenzó el libreto de su vasta y ambiciosa obra basada en el cantar "Cantar de los nibelungos", que se estrenaría finalmente en Bayreuth en 1876. Después del prólogo que constituye "El oro del Rin", con "La Walkyria" entramos de lleno en el terreno de las emociones humanas, el destino trágico, el amor incestuoso que sacude los cimientos del mundo burgués, con una intensidad dramática sin precedentes. 
546 |a Texto del libreto en alemán, traducción paralela en español. 
650 4 |a OPERAS  |x LIBRETOS 
653 |a LICENCIATURA EN MUSICA 
700 1 |a Romani, Felice  |d 1788-1865 
900 |a CD-310 
942 |c MU 
952 |0 0  |1 0  |4 0  |6 CD_310  |7 0  |8 Hemeroteca  |9 54943  |a BS  |b BS  |c Hemeroteca  |d 2017-08-03  |l 0  |o CD-310  |p 11092  |r 2025-04-10 00:00:00  |t 1  |w 2017-08-03  |y MU 
999 |c 27525  |d 27525